<?xml version="1.0" encoding="UTF-8"?>
<collection xmlns="http://www.loc.gov/MARC21/slim">
 <record>
  <leader>01344pam a22002658a 4500</leader>
  <controlfield tag="001">00028144</controlfield>
  <controlfield tag="005">20171026081022.0</controlfield>
  <controlfield tag="008">120220s2008                  ||||||viesd</controlfield>
  <datafield tag="020" ind1=" " ind2=" ">
   <subfield code="c">27500</subfield>
  </datafield>
  <datafield tag="041" ind1="0" ind2="#">
   <subfield code="a">vie</subfield>
  </datafield>
  <datafield tag="082" ind1="1" ind2="4">
   <subfield code="a">543</subfield>
   <subfield code="b">PH121T</subfield>
  </datafield>
  <datafield tag="100" ind1="1" ind2="#">
   <subfield code="a">Trần, Tứ Hiếu</subfield>
  </datafield>
  <datafield tag="245" ind1="1" ind2="0">
   <subfield code="a">Phân tích trắc quang</subfield>
   <subfield code="b">Phổ hấp thụ UV- vis</subfield>
   <subfield code="c">Trần Tứ Hiếu</subfield>
  </datafield>
  <datafield tag="250" ind1="#" ind2="#">
   <subfield code="a">In lần thứ 2</subfield>
  </datafield>
  <datafield tag="260" ind1="#" ind2="#">
   <subfield code="a">Hà Nội</subfield>
   <subfield code="b">Đại học quốc gia Hà Nội</subfield>
   <subfield code="c">2008</subfield>
  </datafield>
  <datafield tag="300" ind1="#" ind2="#">
   <subfield code="a">226tr.</subfield>
   <subfield code="c">21cm.</subfield>
  </datafield>
  <datafield tag="520" ind1="#" ind2="#">
   <subfield code="a">Phương pháp trắc quang là phương pháp phân tích hóa lí sử dụng phổ biến nhất trong các phương pháp hóa lí chủ yếu của phân tích trắc quang là hóa học các hợp chất phức hấp thụ ánh sáng</subfield>
  </datafield>
  <datafield tag="653" ind1="#" ind2="#">
   <subfield code="a">Huỳnh quang</subfield>
  </datafield>
  <datafield tag="653" ind1="#" ind2="#">
   <subfield code="a">Trắc quang</subfield>
  </datafield>
  <datafield tag="653" ind1="#" ind2="#">
   <subfield code="a">Vật lí</subfield>
  </datafield>
  <datafield tag="852" ind1="#" ind2="#">
   <subfield code="b">Kho mượn</subfield>
   <subfield code="j">KM0013010, KM0013011, KM0013012, KM0013013, KM0013014, KM0013015, KM0013016, KM0013017, KM0013018, KM0013019</subfield>
  </datafield>
  <datafield tag="852" ind1="#" ind2="#">
   <subfield code="b">Kho đọc</subfield>
   <subfield code="j">KD.0012462</subfield>
  </datafield>
  <datafield tag="852" ind1="#" ind2="#">
   <subfield code="j">KM.0013011</subfield>
   <subfield code="j">KM.0013012</subfield>
   <subfield code="j">KM.0013014</subfield>
   <subfield code="j">KM.0013015</subfield>
   <subfield code="j">KM.0013018</subfield>
   <subfield code="j">KM.0013019</subfield>
   <subfield code="j">KD.0012462</subfield>
   <subfield code="j">KM.0013010</subfield>
   <subfield code="j">KM.0013013</subfield>
   <subfield code="j">KM.0013016</subfield>
   <subfield code="j">KM.0013017</subfield>
  </datafield>
  <datafield tag="910" ind1="0" ind2="#">
   <subfield code="a">Ngân</subfield>
   <subfield code="d">20/02/2012</subfield>
  </datafield>
  <datafield tag="980" ind1="#" ind2="#">
   <subfield code="a">Trung tâm Học liệu Lê Vũ Hùng, Trường Đại học Đồng Tháp</subfield>
  </datafield>
 </record>
</collection>
